Unchained reactions : Chernobyl, glasnost, and nuclear deterrence /

Bibliographic Details
Main Author: Hopkins, Arthur T., 1949-
Format: Book
Language:English
Published: Washington, DC : National Defense University Press, 1993.
Subjects:

MARC

Tag First Indicator Second Indicator Subfields
LEADER 00000cam a2200000 a 4500
001 in00001232821
005 20151003071233.0
008 920311s1993 dcua b 001 0 eng
010 |a  92010537  
035 |a (OCoLC)25628604 
035 |9 AGT3928AM 
040 |a DLC  |c DLC  |d TXA  |d UtOrBLW 
043 |a e-ur--- 
049 |a TXAM 
050 0 0 |a UA770  |b .H67 1992 
082 0 0 |a 355/.0335/47  |2 20 
090 |a UA770  |b .H67 1993 
100 1 |a Hopkins, Arthur T.,  |d 1949- 
245 1 0 |a Unchained reactions :  |b Chernobyl, glasnost, and nuclear deterrence /  |c Arthur T. Hopkins. 
264 1 |a Washington, DC :  |b National Defense University Press,  |c 1993. 
300 |a xviii, 153 pages :  |b illustrations ;  |c 21 cm. 
336 |a text  |b txt  |2 rdacontent 
337 |a unmediated  |b n  |2 rdamedia 
338 |a volume  |b nc  |2 rdacarrier 
504 |a Includes bibliographical references (pages 113-141) and index. 
651 0 |a Soviet Union  |x Military policy  |x Public opinion. 
650 0 |a Nuclear weapons  |z Soviet Union  |x Public opinion. 
650 0 |a Deterrence (Strategy)  |x Public opinion. 
650 0 |a Chernobyl Nuclear Accident, Chornobylʹ, Ukraine, 1986  |x Public opinion. 
650 0 |a Glasnost. 
650 0 |a Public opinion  |z Soviet Union. 
999 |a MARS 
999 f f |s 19d1b2a2-1bc0-3284-b080-a75e965ebb0f  |i 4d618b6c-5d08-3800-9e7a-59a9680c7861  |t 0 
952 f f |p ric  |a Texas A&M University  |b Rellis Campus  |c Joint Library Facility  |d Remote Storage  |t 0  |e UA770 .H67 1993  |h Library of Congress classification  |i unmediated -- volume  |m A14819734663 
998 f f |a UA770 .H67 1993  |t 0  |l Remote Storage